Trombinoscope One Piece - Statistiques

Statistiques générales
  • Ce quiz a été pris 548 fois
  • Le résultat moyen est 78 sur 100
Statistiques - réponses
Hint Réponse % Correct
Tony Tony Chopper
88%
Baggy
88%
Usopp
87%
Roronoa Zoro
87%
Monkey D. Luffy
87%
Nami
87%
Arlong
87%
Dracule Mihawk
86%
Vinsmoke Sanji
86%
Edward Newgate / Barbe Blanche
86%
Gol D. Roger
86%
Shanks
86%
Jinbe
85%
Monkey D. Dragon
85%
Don Quichotte Doflamingo
85%
Nefertari Vivi
85%
Nico Robin
85%
Monkey D. Garp
85%
Brook
85%
Smoker
85%
Portgas D. Ace
85%
Marshall D. Teach / Barbe Noire
84%
Crocodile
84%
Franky
84%
Boa Hancock
83%
Laboon
83%
Trafalgar D. Law
83%
Silvers Rayleigh
82%
Sabo
82%
Sengoku
82%
Koby
82%
Ener
82%
Wapol
82%
Alvida
81%
Kaido
81%
Aokiji
81%
Yamato
81%
Rob Lucci
81%
Bartholomew Kuma
81%
Gecko Moria
81%
Eustass Kid
81%
Marco
80%
Kozuki Oden
80%
Akainu
80%
Emporio Ivankov
80%
Vinsmoke Reiju
79%
Tashigi
79%
Bartolomeo
79%
Magellan
79%
Zeff
79%
Charlotte Linlin
79%
Bellamy
79%
Fujitora
79%
Caesar Clown
78%
Perona
78%
Kizaru
78%
Uta
78%
Bon Clay
78%
Carrot
78%
Don Quichotte Rossinante
77%
Bepo
77%
Oz
77%
Shirahoshi
77%
Cavendish
77%
Kuro
76%
Caribou
76%
Foxy
76%
Jewelry Bonney
76%
Kalifa
76%
Don Krieg
75%
Killer
75%
Rebecca
74%
Kurozumi Kanjuro
74%
Kaku
74%
Absalom
73%
Jango
73%
Monet
73%
Sugar
73%
Morgan
73%
Vinsmoke Niji
73%
Charlotte Cracker
73%
Charlotte Smoothie
73%
Charlotte Perospero
72%
Kureha
72%
Black Maria
71%
Gaimon
71%
Karoo
71%
Spandam
71%
Vergo
70%
Miss Valentine
70%
Hannyabal
69%
Wiper
68%
Inazuma
68%
Clover
67%
Joz
67%
Miss Goldenweek
64%
Fullbody
61%
Demalo Black
55%
Hatchan
55%
Miss Friday
44%
Aucun quiz correspondant
Distribution des résultats
% des personnes avec chaque résultat
Percentile par nombre de réponses
Votre historique - résultats
Vous n’avez pas pris ce quiz